000 00792nam a2200289Ia 4500
001 3661
005 20240113233641.0
007 ta
008 170829s2004 ii a g b000 u 465 u
020 _a81-219-0218-9
040 _aCotton College,Assam
041 _aeng
082 _a311
_bGu 959 Op
100 _aGupta, Prem Kumar .
245 0 _aQperation Research /
_cPrem Kumar Gupta & D.S. Hira.
_hTextual Documents
250 _a1st ed. /
260 _aNew Delhi :
_bS. Chand & Company ,
_c2004.
300 _axvi, 1055p. :
_bill ;
_c22cm .
504 _aBib, Index
653 _aMathematics-Qperation Research
653 _aQperation Research
653 _aPG-Mathematics
700 _aHira, D.S. .
942 _2ddc
_cBK
999 _c3649
_d3649